Vista normal Vista MARC

Entrada Geographic Name

Número de registros utilizados en: 1

001 - CONTROL NUMBER

  • control field: 43682

003 - CONTROL NUMBER IDENTIFIER

  • control field: OSt

005 - DATE AND TIME OF LATEST TRANSACTION

  • control field: 20241113083857.0

008 - FIXED-LENGTH DATA ELEMENTS

  • fixed length control field: 241113|| aca||aabn | a|a d

040 ## - CATALOGING SOURCE

  • Original cataloging agency: OSt
  • Transcribing agency: OSt

151 ## - HEADING--GEOGRAPHIC NAME

  • Geographic name: Meta (Colombia)
  • General subdivision: Industrias
  • Chronological subdivision: 1960-2005

670 ## - SOURCE DATA FOUND

  • Source citation: Work cat.: (OSt)38537: Benjumea Yepes, Henry, 1957- 41432, Aproximación a la historia empresarial del Meta :









Instituto Departamental de Cultura del Meta - Red Departamental de Bibliotecas Públicas del Meta.